| 000 | 00904nam a2200253 a 4500 | ||
|---|---|---|---|
| 003 | MX-MxUPN | ||
| 005 | 20240812094726.0 | ||
| 008 | 991125s1927 sp r 000 0 spa d | ||
| 035 | _aUPN01000000962 | ||
| 040 |
_aMX-MxUPN _bspa _cMX-MxUPN |
||
| 041 | 1 | _aspa | |
| 050 | 4 |
_aBF724 _bC66 1927 |
|
| 100 | 1 |
_aCompayré, Gabriel, _d1843-1913 _930505 |
|
| 245 | 1 | 3 |
_aLa adolescencia : _bestudios de psicología y de pedagogía |
| 260 |
_aMadrid : _bDaniel Jorro, _c1927. |
||
| 300 | _a211 páginas | ||
| 490 | 0 | _aBiblioteca científico-filosófica | |
| 650 | 4 |
_aPsicología del adolescente _91013 |
|
| 700 | 1 |
_aValls y Anglés, Vicente _948886 _etraducción |
|
| 710 | 1 |
_aMéxico. _bSecretaría de Educación Pública. _bBiblioteca Pública _epropietario anterior _951349 |
|
| 710 | 2 |
_aMuseo Pedagógico Nacional (México) _951335 _epropietario anterior |
|
| 902 | _bMaríaRobles/120824 | ||
| 942 |
_2lcc _cLIBRO _n0 |
||
| 999 |
_c962 _d962 |
||